Derecho penal de la culpa: imprudencia
-д хадгалсан:
| Үндсэн зохиолч: | |
|---|---|
| Формат: | Ном |
| Хэл сонгох: | испани |
| Хэвлэсэн: |
Barcelona
Bosch
1958
|
| Нөхцлүүд: | |
| Шошгууд: |
Шошго нэмэх
Шошго байхгүй, Энэхүү баримтыг шошголох эхний хүн болох!
|
MARC
| LEADER | 00000nam a2200000 a 4500 | ||
|---|---|---|---|
| 001 | UCS0077 | ||
| 003 | CL-VaPUC | ||
| 008 | 970418e19580000SP |||||||||||||||||spa|d | ||
| 082 | 0 | 4 | |a 345.02 |b QUI |2 21 |
| 100 | 0 | |a Quintano Ripollés, Antonio |e author |9 383150 | |
| 245 | 1 | 0 | |a Derecho penal de la culpa: imprudencia |
| 300 | |a 598 p | ||
| 942 | |c BK | ||
| 945 | |d 19970418 00:00:00 |a cmena | ||
| 260 | |a Barcelona |b Bosch |c 1958 | ||
| 650 | 7 | |a CULPA PENAL |2 CL-VaPUC |9 351693 | |
| 650 | 7 | |a CRIMINALES |2 CL-VaPUC |9 322996 | |
| 650 | 7 | |a CULPA CIVIL |2 CL-VaPUC |9 381252 | |
| 650 | 7 | |a DERECHO PENAL |2 CL-VaPUC |9 11 | |
| 650 | 0 | |a Código penal |9 255935 | |
| 583 | |a last modification |c 19970418 00:00:00 |k Rodrigo Vera | ||
| 999 | |c 258331 |d 258329 | ||
| 952 | |0 0 |1 0 |4 0 |6 345_020000000000000_QUI_1958 |7 0 |8 A |9 282356 |a BIBDER |b BIBDER |d 2019-11-19 |i 1827464 |o 345.02 QUI 1958 |p 1827464 |r 2019-11-19 |w 2019-11-19 |y BK |k DER | ||